000 00580nam a2200229Ia 4500
003 OSt
005 20220918201130.0
006 a|||||r|||| 00| 0
007 ta
008 220917b |||||||| |||| 00| 0 eng d
024 _a91,902
037 _cTextual
040 _aARTS
_cARTS
_beng
041 _2eng
_aeng
082 _aU8.73.K2, K6
245 0 _aJournall of the English Plantation at Plimoth
260 _aA Arbor
_bUniv Micro
_c1966
300 _a72p.
_ccm.
650 _aGEOGRAPHY
942 _hU8.73.K2, K6
_cTEXL
_2CC
999 _c215556
_d215556